| 000 | 00863nas a2200277 4500 | ||
|---|---|---|---|
| 001 | BR9209226 | ||
| 003 | BR-BrBNA | ||
| 005 | 20231205093234.0 | ||
| 007 | ta | ||
| 008 | 230509b bl.|||p| |||| 00| 00por d | ||
| 040 |
_aBR-BrBNA _bpor _cBiblioteca Nacional de Agricultura |
||
| 041 | _a(Pt) | ||
| 072 | _aE16; E70 | ||
| 100 | 1 | _aCamargo Filho, W.P. de | |
| 100 | 1 | _aDonadelli, A. | |
| 100 | 1 | _aMarinelli, E.M.R. | |
| 245 | 1 | _aTendencia da producao de batata e comportamento de precos no estado de Sao Paulo | |
| 650 | _aBATATA | ||
| 650 | _aSISTEMA DE PRODUCAO | ||
| 650 | _aPRECO | ||
| 650 | _aMERCADO ATACADISTA | ||
| 650 | _aSAO PAULO | ||
| 773 | 0 |
_tInformacoes Economicas - Instituto de Economia Agricola (Brazil) _xISSN 0100-4409 _g(Feb 1991), v. 21(2) p. 55-72 _wBR9209226 |
|
| 909 |
_a202311 _bLúcia _c55 _dLúcia Elande |
||
| 942 |
_2AGRIS _n0 _cANA |
||
| 999 |
_c137018 _d137018 |
||